Statystyki dla Katowice bezpośrednie loty

Kliknij tutaj aby rozwiązać quiz!

Ogólne statystyki

  • Ten quiz został rozwiązany 79 razy
    (73 od ostatniego zresetowania)
  • Średni wynik to 23 z 49

Statystyki odpowiedzi

Linia LotniczaKrajMiasto% Poprawnych
Wizz Air i RyanairNorwegiaOslo
95%
Wizz AirAngliaLondyn
92%
RyanairAngliaLondyn
92%
Wizz AirHiszpaniaBarcelona
87%
Wizz AirWłochyRzym
85%
RyanairIrlandiaDublin
82%
LOTPolskaWarszawa
82%
Wizz AirIslandiaReykjavik
81%
Wizz AirSzwecjaSztokholm
79%
RyanairUkrainaKijów
77%
Wizz AirUkrainaKijów
77%
LufthansaNiemcyMonachium
77%
Wizz Air i RyanairWłochyMediolan
73%
Wizz Air i RyanairGrecjaAteny
71%
Wizz AirUkrainaLwów
69%
RyanairAngliaManchester
66%
RyanairSzkocjaEdynburg
63%
LufthansaNiemcyFrankfurt
63%
Wizz AirAngliaLiverpool
60%
Wizz Air i RyanairNiemcyDortmund
56%
Wizz AirZjednoczone Emiraty ArabskieAbu Zabi
52%
Wizz AirSzecjaMalmo
52%
Wizz AirUkrainaCharków
50%
Wizz AirIzraelTel Awiw
48%
RyanairIrlandiaCork
47%
Wizz Air i RyanairUkrainaOdessa
47%
Wizz Air i RyanairNiemcyKolonia
45%
Wizz AirNorwegiaBergen
44%
RyanairAngliaBirmingham
44%
Wizz AirHolandiaEindhoven
42%
Wizz Air i RyanairBułgariaBurgas
40%
RyanairCyprPafos
31%
Wizz AirHiszpaniaPalma
29%
Wizz Air i RyanairWłochyKatania
27%
Wizz AirCyprLarnaka
27%
Wizz AirMaltaMalta
26%
Wizz AirAngliaBristol
23%
RyanairWłochyBolonia
21%
Wizz AirHiszpaniaTeneryfa
21%
Wizz AirGruzjaKutaisi
19%
Wizz AirNorwegiaStavanger
18%
Wizz AirHiszpaniaFuerteventura
15%
Wizz AirAngliaDoncaster
13%
Wizz Air i RyanairWłochyAlghero
10%
Wizz AirHiszpaniaCastellon
6%
RyanairUkrainaChersoń
5%
RyanairWłochyBrindisi
3%
Wizz AirHiszpaniaSantander
2%
Wizz AirGrecjaMykonos
0%

Rozkład punktacji

Percentyl według liczby udzielonych odpowiedzi

Procent ludzi z każdym wynikiem

Twoja historia wyników

Nie rozwiązałeś tego quizu od ostatniego zresetowania